000 00523nam a22001817a 4500
005 20241203115238.0
010 _aENG-142822
020 _c240.00
035 _aEN-126354
037 _bDBAD/PUB
082 _a361.30954
100 _aJain, Taruna
_974560
245 _aProfessional Social Work:
_bIndian Perspective/
_cBy Taruna Jain
260 _aDelhi
_bNeeraj Publications
270 _bDelhi
_a1507, First Floor, Nai Sarak,
_e06
300 _a167 p.
_c28cm(pbk)
942 _2ddc
_cEN
_h361.30954
_mJAI
999 _c207343
_d207343